[Event "Torneio Nacional Honour 2017-18"]
[Site "Cascais"]
[Date "2018.08.14"]
[Round "5"]
[White "Lavrador, Rodolfo Manuel"]
[Black "Goncalves, Carlos"]
[Result "0-1"]
[WhiteElo "1859"]
[BlackElo "1645"]
[Annotator "NA"]
[PlyCount "156"]
[EventDate "2018.08.11"]
[EventType "tourn"]
[EventCountry "POR"]
[SourceTitle "playchess.com"]
[Source "ChessBase"]
[SourceQuality "1"]
[TimeControl "5400+30"]

1. e4 {[%emt 0:00:00]} d5 {[%emt 0:00:00]} 2. exd5 {[%emt 0:00:00]} Qxd5 {[%emt 0:00:03]} 3. Nc3 {[%emt 0:00:00]} Qd6 {[%emt 0:00:06]} 4. Nf3 {[%emt 0:00:46]} Nf6 {[%emt 0:00:27]} 5. d4 {[%emt 0:02:29]} c6 {[%emt 0:00:22]} 6. Be2 {[%emt 0:01:55]} Bf5 {[%emt 0:00:43]} 7. O-O {[%emt 0:05:48]} e6 {[%emt 0:00:33]} 8. Re1 {[%emt 0:02:00]} h6 {[%emt 0:01:39]} 9. h3 {[%emt 0:08:09]} Be7 {[%emt 0:01:18]} 10. Be3 {[%emt 0:03:18]} O-O {[%emt 0:02:58]} 11. Qd2 {[%emt 0:00:40]} Qc7 {[%emt 0:00:10]} 12. Bd3 {[%emt 0:06:28]} Bxd3 {[%emt 0:00:57]} 13. Qxd3 {[%emt 0:00:36]} Nbd7 {[%emt 0:01:54]} 14. Ne2 {[%emt 0:03:57]} Nb6 {[%emt 0:03:22]} 15. c4 {[%emt 0:03:25]} Rad8 {[%emt 0:01:47]} 16. Bf4 {[%emt 0:10:22]} Qc8 {[%emt 0:01:07]} 17. Rac1 {[%emt 0:02:48]} c5 {[%emt 0:05:37]} 18. Qa3 {[%emt 0:03:46]} Rfe8 {[%emt 0:02:40]} 19. Qxa7 {[%emt 0:01:15]} Nfd7 {[%emt 0:01:51]} 20. Qa5 {[%emt 0:03:33]} Qc6 {[%emt 0:00:25]} 21. dxc5 {[%emt 0:07:02]} Bxc5 {[%emt 0:01:25]} 22. Qb5 {[%emt 0:02:55]} Rc8 {[%emt 0:04:26]} 23. Qxc6 {[%emt 0:04:26]} Rxc6 {[%emt 0:00:02]} 24. Red1 {[%emt 0:00:54]} e5 {[%emt 0:03:10]} 25. Bd2 {[%emt 0:02:15]} Nxc4 {[%emt 0:03:19]} 26. Bc3 {[%emt 0:02:01]} Ncb6 {[%emt 0:03:24]} 27. Kf1 {[%emt 0:02:10]} f6 {[%emt 0:02:45]} 28. a4 {[%emt 0:00:50]} Nf8 {[%emt 0:04:07]} 29. b3 {[%emt 0:02:03]} Be7 {[%emt 0:02:32]} 30. Ba5 {[%emt 0:02:43]} Rxc1 {[%emt 0:02:58]} 31. Rxc1 {[%emt 0:00:12]} Nd5 {[%emt 0:00:08]} 32. Ng3 {[%emt 0:01:58]} g6 {[%emt 0:00:47]} 33. Bd2 {[%emt 0:02:18]} h5 {[%emt 0:02:07]} 34. Ne2 {[%emt 0:01:44]} Ne6 {[%emt 0:00:28]} 35. g3 {[%emt 0:00:27]} Kf7 {[%emt 0:01:11]} 36. Nc3 {[%emt 0:00:59]} Rd8 {[%emt 0:02:53]} 37. Nb5 {[%emt 0:01:08]} Bb4 {[%emt 0:05:29]} 38. Bxb4 {[%emt 0:04:51]} Nxb4 {[%emt 0:00:02]} 39. Ke2 {[%emt 0:00:43]} Rd3 {[%emt 0:03:41]} 40. Nd2 {[%emt 0:00:52]} Rd7 {[%emt 0:00:40]} 41. Nc4 {[%emt 0:00:34]} Nd4+ {[%emt 0:02:12]} 42. Nxd4 {[%emt 0:00:17]} Rxd4 {[%emt 0:01:12]} 43. Rd1 {[%emt 0:01:09]} Nc6 {[%emt 0:02:56]} 44. Nd6+ {[%emt 0:01:06]} Ke7 {[%emt 0:01:42]} 45. Nxb7 {[%emt 0:00:35]} Rb4 {[%emt 0:00:13]} 46. Nc5 {[%emt 0:01:15]} Nd4+ {[%emt 0:00:04]} 47. Kf1 {[%emt 0:01:33]} Nxb3 {[%emt 0:01:03]} 48. Nxb3 {[%emt 0:00:40]} Rxb3 {[%emt 0:00:02]} 49. Ra1 {[%emt 0:00:14]} Kd7 {[%emt 0:00:29]} 50. h4 {[%emt 0:00:53]} Kc7 {[%emt 0:01:32]} 51. a5 {[%emt 0:00:23]} Kb7 {[%emt 0:01:59]} 52. a6+ {[%emt 0:00:28]} Ka7 {[%emt 0:00:19]} 53. Ke2 {[%emt 0:00:29]} Rb6 {[%emt 0:01:00]} 54. Kd3 {[%emt 0:00:27]} f5 {[%emt 0:01:00]} 55. Ra2 {[%emt 0:00:14]} Rxa6 {[%emt 0:04:22]} 56. Rxa6+ {[%emt 0:00:13]} Kxa6 {[%emt 0:00:05]} 57. Kc4 {[%emt 0:00:06]} Kb6 {[%emt 0:00:09]} 58. Kd5 {[%emt 0:00:06]} e4 {[%emt 0:00:14]} 59. Kd6 {[%emt 0:01:53]} Kb5 {[%emt 0:00:27]} 60. Kd5 {[%emt 0:00:22]} Kb4 {[%emt 0:00:10]} 61. Kd4 {[%emt 0:00:27]} Kb3 {[%emt 0:00:02]} 62. Ke5 {[%emt 0:00:18]} Kc3 {[%emt 0:01:34]} 63. Kf6 {[%emt 0:01:28]} Kd3 {[%emt 0:03:12]} 64. Kxg6 {[%emt 0:00:12]} Ke2 {[%emt 0:00:14]} 65. Kxh5 {[%emt 0:00:18]} Kxf2 {[%emt 0:00:22]} 66. Kg6 {[%emt 0:00:11]} e3 {[%emt 0:00:21]} 67. h5 {[%emt 0:00:07]} e2 {[%emt 0:01:12]} 68. Kxf5 {[%emt 0:00:23]} Kxg3 {[%emt 0:00:14]} 69. h6 {[%emt 0:00:41]} e1=Q 70. Kg6 {[%emt 0:00:12]} Qe6+ {[%emt 0:01:22]} 71. Kg7 {[%emt 0:00:11]} Qg4+ {[%emt 0:01:05]} 72. Kh8 {[%emt 0:00:59]} Qd4+ {[%emt 0:01:04]} 73. Kg8 {[%emt 0:00:34]} Qd5+ {[%emt 0:00:13]} 74. Kg7 {[%emt 0:00:45]} Qe5+ {[%emt 0:00:10]} 75. Kg8 {[%emt 0:00:31]} Qe6+ {[%emt 0:00:12]} 76. Kg7 {[%emt 0:00:13]} Qe5+ {[%emt 0:02:57]} 77. Kg8 {[%emt 0:00:37]} Qg5+ {[%emt 0:00:25]} 78. Kh7 {[%emt 0:00:24]} Kf4 0-1

[Event "Torneio Nacional Honour 2017-18"]
[Site "Cascais"]
[Date "2018.08.14"]
[Round "5"]
[White "Sa, Claudio Simao Carva"]
[Black "Alves, Fernando"]
[Result "1-0"]
[WhiteElo "1790"]
[BlackElo "1689"]
[Annotator "NA"]
[PlyCount "57"]
[EventDate "2018.08.11"]
[EventType "tourn"]
[EventCountry "POR"]
[SourceTitle "playchess.com"]
[Source "ChessBase"]
[SourceQuality "1"]
[TimeControl "5400+30"]

1. e4 {[%emt 0:10:31]} e5 {[%emt 0:00:00]} 2. Nf3 {[%emt 0:00:11]} Nc6 {[%emt 0:00:00]} 3. Bc4 {[%emt 0:00:16]} Bc5 {[%emt 0:01:15]} 4. b4 {[%emt 0:02:33]} Bxb4 {[%emt 0:02:20]} 5. c3 {[%emt 0:00:10]} Ba5 {[%emt 0:00:41]} 6. O-O {[%emt 0:01:36]} d6 {[%emt 0:07:09]} 7. d4 {[%emt 0:00:59]} Bb6 {[%emt 0:02:16]} 8. dxe5 {[%emt 0:15:27]} Be6 {[%emt 0:18:23]} 9. Bb5 {[%emt 0:15:30]} h6 {[%emt 0:09:38]} 10. Ba3 {[%emt 0:09:17]} Bc5 {[%emt 0:05:09]} 11. Nd4 {[%emt 0:10:41]} Nge7 {[%emt 0:12:43]} 12. exd6 {[%emt 0:07:57]} Bxd6 {[%emt 0:09:57]} 13. Nxe6 {[%emt 0:04:52]} fxe6 {[%emt 0:00:27]} 14. Qh5+ {[%emt 0:00:10]} g6 {[%emt 0:02:18]} 15. Bxc6+ {[%emt 0:00:45]} bxc6 {[%emt 0:00:16]} 16. Qg4 {[%emt 0:01:21]} Kf7 {[%emt 0:01:47]} 17. Rd1 {[%emt 0:01:22]} e5 {[%emt 0:05:46]} 18. c4 {[%emt 0:00:26]} c5 {[%emt 0:03:46]} 19. Bxc5 {[%emt 0:00:40]} Qb8 {[%emt 0:08:36]} 20. Bxd6 {[%emt 0:01:54]} cxd6 {[%emt 0:00:04]} 21. Nc3 {[%emt 0:00:37]} Qb4 {[%emt 0:03:41]} 22. Nb5 {[%emt 0:01:35]} Rhd8 {[%emt 0:02:55]} 23. Nc7 {[%emt 0:00:55]} Qxc4 {[%emt 0:00:58]} 24. Nxa8 {[%emt 0:00:49]} Qc6 {[%emt 0:00:46]} 25. Rac1 {[%emt 0:00:46]} Qxa8 {[%emt 0:00:42]} 26. Rc7 {[%emt 0:00:31]} Qb8 {[%emt 0:00:36]} 27. Rdc1 {[%emt 0:00:55]} Qb2 {[%emt 0:00:31]} 28. Qf3+ {[%emt 0:01:39]} Ke8 {[%emt 0:00:38]} 29. Qf6 {[%emt 0:00:18]} 1-0

[Event "Torneio Nacional Honour 2017-18"]
[Site "Cascais"]
[Date "2018.08.14"]
[Round "5"]
[White "Santos, Isabel"]
[Black "Guia, Artur Solovyov Eloy"]
[Result "1-0"]
[WhiteElo "1789"]
[BlackElo "1818"]
[Annotator "NA"]
[PlyCount "53"]
[EventDate "2018.08.11"]
[EventType "tourn"]
[EventCountry "POR"]
[SourceTitle "playchess.com"]
[Source "ChessBase"]
[SourceQuality "1"]
[TimeControl "5400+30"]

1. d4 {[%emt 0:00:00]} d5 {[%emt 0:00:00]} 2. c4 {[%emt 0:00:00]} e6 {[%emt 0:00:00]} 3. Nf3 {[%emt 0:00:00]} Nf6 {[%emt 0:00:00]} 4. g3 {[%emt 0:00:00]} Be7 {[%emt 0:00:30]} 5. Bg2 {[%emt 0:00:00]} O-O {[%emt 0:00:12]} 6. O-O {[%emt 0:00:00]} Nbd7 {[%emt 0:00:15]} 7. Nbd2 {[%emt 0:03:47]} c6 {[%emt 0:00:22]} 8. Qc2 {[%emt 0:00:07]} b6 {[%emt 0:00:51]} 9. e4 {[%emt 0:03:11]} dxe4 {[%emt 0:02:02]} 10. Nxe4 {[%emt 0:00:44]} Bb7 {[%emt 0:00:29]} 11. Ne5 {[%emt 0:20:17]} Qc7 {[%emt 0:01:06]} 12. Bf4 Qc8 {[%emt 0:04:33]} 13. Rfd1 {[%emt 0:11:24]} Nxe4 {[%emt 0:03:08]} 14. Bxe4 {[%emt 0:00:07]} Nf6 {[%emt 0:01:15]} 15. Bg2 {[%emt 0:00:57]} Rd8 {[%emt 0:01:49]} 16. Qb3 {[%emt 0:03:54]} Bd6 {[%emt 0:02:59]} 17. Bg5 {[%emt 0:04:06]} Be7 {[%emt 0:00:16]} 18. Rac1 {[%emt 0:01:28]} h6 {[%emt 0:00:22]} 19. Bf4 {[%emt 0:01:00]} Nh5 {[%emt 0:02:41]} 20. d5 {[%emt 0:06:14]} Nxf4 {[%emt 0:01:38]} 21. gxf4 {[%emt 0:00:06]} exd5 {[%emt 0:01:42]} 22. cxd5 {[%emt 0:00:07]} c5 {[%emt 0:07:10]} 23. d6 {[%emt 0:02:25]} Bxg2 {[%emt 0:00:33]} 24. Qxf7+ {[%emt 0:00:09]} Kh7 {[%emt 0:01:06]} 25. Qg6+ {[%emt 0:01:09]} Kg8 {[%emt 0:00:05]} 26. dxe7 {[%emt 0:00:27]} Rxd1+ {[%emt 0:00:18]} 27. Rxd1 {[%emt 0:00:04]} 1-0

[Event "Torneio Nacional Honour 2017-18"]
[Site "Cascais"]
[Date "2018.08.14"]
[Round "5"]
[White "Santos, Ruben"]
[Black "Santos, Jose Barria"]
[Result "0-1"]
[WhiteElo "1718"]
[BlackElo "2062"]
[Annotator "NA"]
[PlyCount "52"]
[EventDate "2018.08.11"]
[EventType "tourn"]
[EventCountry "POR"]
[SourceTitle "playchess.com"]
[Source "ChessBase"]
[SourceQuality "1"]
[TimeControl "5400+30"]

1. d4 {[%emt 0:00:00]} Nf6 {[%emt 0:00:00]} 2. c4 {[%emt 0:00:00]} g6 {[%emt 0:00:00]} 3. Nc3 {[%emt 0:00:00]} Bg7 {[%emt 0:00:00]} 4. e4 {[%emt 0:00:00]} d6 {[%emt 0:00:00]} 5. Nf3 {[%emt 0:00:15]} O-O {[%emt 0:00:00]} 6. Be2 {[%emt 0:00:05]} e5 {[%emt 0:00:15]} 7. d5 {[%emt 0:00:02]} a5 {[%emt 0:00:25]} 8. O-O {[%emt 0:00:19]} Nbd7 {[%emt 0:00:53]} 9. Ne1 {[%emt 0:00:05]} Nc5 {[%emt 0:01:12]} 10. f3 {[%emt 0:00:15]} Nfd7 {[%emt 0:02:38]} 11. Be3 {[%emt 0:00:21]} f5 {[%emt 0:02:16]} 12. Nd3 {[%emt 0:01:25]} f4 {[%emt 0:05:02]} 13. Bf2 {[%emt 0:05:13]} g5 {[%emt 0:01:40]} 14. Nb5 {[%emt 0:04:17]} Rf7 {[%emt 0:03:23]} 15. a3 {[%emt 0:16:00]} Bf8 {[%emt 0:11:51]} 16. b4 {[%emt 0:01:35]} Nxd3 {[%emt 0:00:27]} 17. Qxd3 {[%emt 0:00:18]} Rg7 {[%emt 0:05:18]} 18. Rac1 {[%emt 0:03:40]} b6 {[%emt 0:06:03]} 19. c5 {[%emt 0:06:34]} bxc5 {[%emt 0:10:02]} 20. bxc5 {[%emt 0:03:54]} Nxc5 {[%emt 0:08:47]} 21. Bxc5 {[%emt 0:00:13]} dxc5 {[%emt 0:00:03]} 22. d6 {[%emt 0:00:36]} c6 {[%emt 0:01:20]} 23. Nc7 {[%emt 0:01:17]} Rb8 {[%emt 0:10:48]} 24. Rfd1 {[%emt 0:17:51]} Kh8 {[%emt 0:13:49]} 25. Rxc5 {[%emt 0:14:28]} Rxc7 {[%emt 0:02:12]} 26. dxc7 {[%emt 0:01:35]} Bxc5+ {[%emt 0:00:06]} 0-1

[Event "Torneio Nacional Honour 2017-18"]
[Site "Cascais"]
[Date "2018.08.15"]
[Round "6"]
[White "Santos, Jose Barria"]
[Black "Lavrador, Rodolfo M Mascarenh"]
[Result "1-0"]
[WhiteElo "2062"]
[BlackElo "1859"]
[Annotator "NA"]
[PlyCount "137"]
[EventDate "2018.08.11"]
[EventType "tourn"]
[EventCountry "POR"]
[SourceTitle "playchess.com"]
[Source "ChessBase"]
[SourceQuality "1"]
[TimeControl "5400+30"]

1. Nf3 {[%emt 0:00:00]} d5 {[%emt 0:06:23]} 2. d4 {[%emt 0:00:58]} Nf6 {[%emt 0:01:04]} 3. e3 {[%emt 0:00:24]} Bg4 {[%emt 0:01:11]} 4. Nbd2 {[%emt 0:01:15]} Nbd7 {[%emt 0:00:49] LiveBook: 3 Partien D04: Colle System} (4... e6 5. h3 Bh5 6. c4 c6 7. Qc2 Nbd7 8. b3 Be7 9. Bb2 O-O 10. Bd3 Bg6 11. O-O a5 12. Bxg6 hxg6 {1-0 (39) Drazic,S (2501)-Mastrovasilis,D (2604) Valjevo 2011}) 5. h3 {[%emt 0:02:18]} Bh5 {[%emt 0:00:20]} 6. c3 {[%emt 0:00:04]} e6 {[%emt 0:01:54]} 7. Qb3 {[%emt 0:01:53]} b6 $146 {[%emt 0:04:33]} ({Predecessor:} 7... Rb8 8. Bd3 Be7 9. Qc2 Bg6 10. Bxg6 hxg6 11. e4 dxe4 12. Nxe4 Nxe4 13. Qxe4 {0-1 (37) Soeder,T (2008)-Heinz,T (2054) Bayern 2010}) 8. Bb5 {[%emt 0:02:03]} Bd6 {[%emt 0:09:37]} 9. Bc6 {[%emt 0:04:03]} Rb8 {[%emt 0:02:33]} 10. c4 {[%emt 0:13:45]} Bxf3 {[%emt 0:07:20]} 11. Nxf3 {[%emt 0:00:18]} dxc4 {[%emt 0:00:59]} 12. Qxc4 {[%emt 0:00:09]} Qe7 {[%emt 0:03:41]} 13. O-O {[%emt 0:07:05]} O-O {[%emt 0:00:59]} 14. e4 {[%emt 0:04:03]} e5 {[%emt 0:00:41]} 15. Bg5 {[%emt 0:04:13]} Rbd8 {[%emt 0:02:10]} 16. Rad1 {[%emt 0:04:25]} h6 {[%emt 0:02:27]} 17. Bh4 {[%emt 0:02:49]} Nb8 {[%emt 0:03:27]} 18. Bg3 {[%emt 0:13:03]} Nxc6 {[%emt 0:06:21]} 19. Qxc6 {[%emt 0:00:05]} Nd7 {[%emt 0:02:26]} 20. d5 {[%emt 0:06:24]} f5 {[%emt 0:02:41]} (20... Nc5 $11 {keeps the balance.}) 21. Nh4 {[%emt 0:02:33]} f4 {[%emt 0:06:30]} 22. Ng6 {[%emt 0:00:28]} Qg5 {[%emt 0:00:21]} 23. Nxf8 {[%emt 0:00:13]} Nxf8 {[%emt 0:00:36]} 24. Bh2 {[%emt 0:00:35]} f3 {[%emt 0:01:14]} 25. g3 {[%emt 0:00:30]} Ng6 {[%emt 0:00:24]} 26. Qc3 {[%emt 0:02:31]} Rf8 {[%emt 0:04:40]} 27. Rd3 {[%emt 0:00:32]} Nf4 {[%emt 0:03:23]} 28. Kh1 {[%emt 0:11:26]} Nxd3 {[%emt 0:01:04]} 29. Qxd3 {[%emt 0:00:04] [#]} Qh5 $1 {[%emt 0:00:33]} 30. Rg1 {[%emt 0:05:24]} (30. h4 $142) 30... Bc5 {[%emt 0:07:36]} 31. Qf1 {[%emt 0:02:24]} Bd4 {[%emt 0:01:33]} 32. b3 {[%emt 0:00:56]} (32. g4 $142 Qg6 33. Qd3) 32... Rf6 {[%emt 0:02:23]} (32... Qg6 $17 33. Qd3 c6 34. dxc6 Qxc6) 33. g4 {[%emt 0:03:05]} Qg6 {[%emt 0:00:31]} 34. Qd3 {[%emt 0:02:45]} c6 {[%emt 0:01:07]} 35. dxc6 {[%emt 0:00:05]} Rxc6 {[%emt 0:00:49]} 36. Qxf3 {[%emt 0:00:49]} Rf6 {[%emt 0:00:27]} 37. Qd3 {[%emt 0:00:08]} Rxf2 {[%emt 0:01:16]} 38. Rg2 {[%emt 0:01:55]} Qf6 {[%emt 0:00:31]} 39. Bg3 {[%emt 0:00:57]} Rf3 {[%emt 0:01:36]} 40. Qc4+ {[%emt 0:00:04]} Kh7 {[%emt 0:00:29]} 41. Kh2 {[%emt 0:00:20]} a5 {[%emt 0:02:55]} 42. Rc2 {[%emt 0:00:41]} Rf1 {[%emt 0:02:10]} 43. Qe2 {[%emt 0:00:36]} Ra1 {[%emt 0:04:12]} 44. Rd2 {[%emt 0:01:12]} Qf1 {[%emt 0:00:53]} 45. Qxf1 {[%emt 0:00:03]} Rxf1 {[%emt 0:00:07]} 46. Kg2 {[%emt 0:00:19]} Rf7 {[%emt 0:00:18]} 47. Rc2 {[%emt 0:00:29]} g6 {[%emt 0:00:39]} 48. Rc6 {[%emt 0:00:26]} Re7 {[%emt 0:00:33]} 49. Kf3 {[%emt 0:00:02]} Kg7 {[%emt 0:00:25]} 50. Ke2 $11 {[%emt 0:00:19]} Kf7 {[%emt 0:00:14]} 51. Kd3 {[%emt 0:00:30]} Re6 {[%emt 0:01:29]} 52. Rc7+ {[%emt 0:00:06]} Re7 {[%emt 0:00:17]} 53. Rc8 {[%emt 0:00:42]} g5 {[%emt 0:00:50]} 54. Kc4 {[%emt 0:00:35]} Re6 {[%emt 0:00:38]} 55. Rc7+ {[%emt 0:00:58]} Kf6 {[%emt 0:00:45]} 56. Kd5 {[%emt 0:00:14]} Re8 {[%emt 0:00:23]} 57. Rc6+ {[%emt 0:00:09]} Kg7 {[%emt 0:00:11]} 58. Rc7+ {[%emt 0:01:15]} Kf6 {[%emt 0:00:20]} 59. Rc6+ {[%emt 0:00:19]} Kg7 {[%emt 0:00:09]} 60. Re6 {[%emt 0:01:10]} Rd8+ {[%emt 0:00:11]} 61. Rd6 {[%emt 0:00:46]} Rxd6+ {[%emt 0:01:04]} 62. Kxd6 {[%emt 0:00:05]} Kf6 {[%emt 0:00:06]} 63. a4 {[%emt 0:00:02]} Bc3 {[%emt 0:00:29]} 64. Kd5 {[%emt 0:00:19]} Bd4 {[%emt 0:00:17]} 65. Bh2 {[%emt 0:00:04]} Bc3 {[%emt 0:00:19]} 66. Bg1 {[%emt 0:00:04]} Ke7 {[%emt 0:02:32]} 67. Bxb6 {[%emt 0:00:04]} Kd7 {[%emt 0:00:08]} 68. Bc5 {[%emt 0:00:04]} Bb2 {[%emt 0:00:22]} 69. Bf8 {[%emt 0:00:00]} 1-0

[Event "Torneio Nacional Honour 2017-18"]
[Site "Cascais"]
[Date "2018.08.15"]
[Round "6"]
[White "Horta, Antonio Mauricio Ri"]
[Black "Goncalves, Carlos Manuel M"]
[Result "1-0"]
[WhiteElo "1950"]
[BlackElo "1645"]
[Annotator "NA"]
[PlyCount "82"]
[EventDate "2018.08.11"]
[EventType "tourn"]
[EventCountry "POR"]
[SourceTitle "playchess.com"]
[Source "ChessBase"]
[SourceQuality "1"]
[TimeControl "5400+30"]

1. Nf3 {[%emt 0:00:00]} Nf6 {[%emt 0:01:54]} 2. d4 {[%emt 0:00:26]} d5 {[%emt 0:01:01]} 3. g3 {[%emt 0:00:14]} g6 {[%emt 0:00:13]} 4. Bg2 {[%emt 0:00:10]} Bg7 {[%emt 0:00:10]} 5. O-O {[%emt 0:00:05]} O-O {[%emt 0:00:08]} 6. c4 {[%emt 0:01:31]} dxc4 {[%emt 0:02:37]} 7. Qc2 {[%emt 0:02:01]} ({Günstiger ist} 7. Na3 $1 $14) 7... Nbd7 {[%emt 0:03:57] D77: Fianchetto Grünfeld: 6 0-0: Replies other than 6...c6} (7... Nc6 8. Qxc4 Be6 9. Qa4 Nd5 10. Nc3 Nb6 11. Qc2 Nxd4 12. Nxd4 Qxd4 13. Bxb7 Rab8 14. Be3 Qe5 15. Bf4 Qa5 {0-1 (26) Jorgensen,B (2274)-Grandelius,N (2642) Denmark 2017}) 8. Na3 {[%emt 0:01:20]} Nb6 {[%emt 0:01:09]} 9. e4 {[%emt 0:04:28]} c6 {[%emt 0:02:29]} 10. Be3 $146 {[%emt 0:04:58]} ({Predecessor:} 10. h3 Be6 11. Be3 Qc8 12. Ng5 Rd8 13. Rac1 Ne8 14. Nxe6 Qxe6 15. e5 Nc7 16. Qe2 Ncd5 17. Bd2 {½-½ (17) Avdeev,A (2167)-Evgrafov,B (2319) ICCF email 2012}) 10... Ng4 {[%emt 0:06:31]} 11. Bg5 {[%emt 0:09:27]} h6 {[%emt 0:01:18]} 12. Bf4 {[%emt 0:00:08]} g5 {[%emt 0:00:32]} 13. Be3 {[%emt 0:04:32]} (13. Bd2 $11 {remains equal.}) 13... Nxe3 {[%emt 0:02:41]} 14. fxe3 {[%emt 0:00:08]} Be6 {[%emt 0:00:43]} 15. Nd2 {[%emt 0:06:48]} Bg4 {[%emt 0:06:52]} 16. Naxc4 {[%emt 0:03:24]} Nxc4 {[%emt 0:00:26]} 17. Nxc4 {[%emt 0:01:22]} Bh5 {[%emt 0:00:59]} 18. Qb3 {[%emt 0:02:28]} Qc7 {[%emt 0:01:25]} 19. Rac1 {[%emt 0:00:40]} a5 {[%emt 0:04:37]} 20. Nb6 {[%emt 0:10:53]} Ra6 {[%emt 0:05:10]} 21. Na4 {[%emt 0:00:22]} b5 {[%emt 0:02:01]} 22. Nc5 {[%emt 0:00:31]} Rb6 {[%emt 0:02:43]} 23. e5 {[%emt 0:06:53]} Be2 {[%emt 0:02:42]} 24. Rf2 {[%emt 0:00:09]} Bc4 {[%emt 0:00:19]} 25. Rxc4 {[%emt 0:02:43]} bxc4 {[%emt 0:00:37]} 26. Qxc4 {[%emt 0:00:02]} e6 {[%emt 0:05:11]} 27. b3 {[%emt 0:02:19]} Ra8 {[%emt 0:05:17]} (27... Qe7 $16 28. Qc3 Rbb8) 28. Rc2 {[%emt 0:01:48]} Rb4 {[%emt 0:04:20]} (28... Bf8 $142) 29. Qd3 {[%emt 0:01:23]} Rb6 {[%emt 0:00:54]} 30. Qe4 {[%emt 0:01:00]} Rab8 $2 {[%emt 0:02:12]} (30... a4 $16) 31. Na4 {[%emt 0:01:30]} Rb4 {[%emt 0:04:20]} 32. Rxc6 {[%emt 0:01:53]} Qe7 {[%emt 0:01:53]} 33. Nc5 {[%emt 0:00:21]} Rd8 {[%emt 0:02:17]} 34. Na6 {[%emt 0:01:51]} Rb5 {[%emt 0:03:21]} 35. Qc2 {[%emt 0:04:59]} g4 {[%emt 0:00:49]} (35... Rb7 $16 {might work better.} 36. Qc3 Ra7) 36. Nc5 {[%emt 0:00:59]} Qg5 {[%emt 0:01:06]} 37. Qe2 {[%emt 0:00:38]} h5 $2 {[%emt 0:01:06]} (37... Rbb8 $1 $14) 38. Ne4 {[%emt 0:01:29]} ({Don't play} 38. Qxb5 Qxe3+ 39. Kh1 Qxd4 $18) 38... Qe7 $2 {[%emt 0:03:26]} 39. Qxb5 {[%emt 0:00:15]} Qg5 40. Qe2 Qh6 41. Qb5 $2 ({Better is} 41. Qf2 $18) 41... Qg5 (41... Qxe3+ 42. Nf2 Qxd4) 1-0